|
|
|
|
| LEADER |
00951nab a2200229 i 4500 |
| 001 |
misc61381 |
| 005 |
20240909153345.0 |
| 008 |
240209s1958 hu o 000 hun d |
| 040 |
|
|
|a SZTE Miscellanea Repozitórium
|b hun
|
| 041 |
|
|
|a hun
|
| 100 |
1 |
|
|a Tóth Tibor
|
| 245 |
1 |
2 |
|a A szovjet antropológiai kutatások helyzetéről 2.
|h [elektronikus dokumentum] /
|c Tóth Tibor
|
| 260 |
|
|
|a [Akadémiai]
|b [Budapest]
|c 1958
|
| 300 |
|
|
|a 61-66
|c 24 cm
|
| 300 |
|
|
|a [6] p.
|c 24 cm
|
| 490 |
0 |
|
|a Anthropologiai közlemények : a Magyar Biológiai Társaság Embertani Szakosztályának folyóirata;Anthropologiai közlemények : a Magyar Biológiai Társaság Embertani Szakosztályának folyóirata
|
| 561 |
|
|
|a Németh Gyula hagyaték
|
| 591 |
|
|
|a NOV 6137
|
| 650 |
|
4 |
|a Társadalomtudományok
|
| 650 |
|
4 |
|a Szociológia
|
| 695 |
|
|
|a Embertan - Szovjetunió
|
| 856 |
4 |
0 |
|u http://misc.bibl.u-szeged.hu/61381/1/6137_nov.pdf
|z Dokumentum-elérés
|